| 000 | 00573nam a2200181Ia 4500 | ||
|---|---|---|---|
| 003 | IN-BaIIA | ||
| 008 | 211028s9999 xx 000 0 eng d | ||
| 020 | _a0-306-35727-5 | ||
| 040 | _cIIA Library | ||
| 080 |
_a624.834(082.1) _bTOP |
||
| 100 |
_aDe Sabbata, V _910167 |
||
| 245 | 0 |
_aTopics in theoretical and experimental gravitation physics _cV. De Sabbata |
|
| 260 |
_aLondon _bPlenum Press _c1977 |
||
| 300 | _a[various pagings.] | ||
| 650 | _aAstronomy and astrophysics thesaurus | ||
| 650 | _aGravitation | ||
| 942 | _cBK | ||
| 999 |
_c5861 _d5861 |
||